[Event "C-Turnier"]
[Site "Hessische Einzelmeisterschaft"]
[Date "2010.04.03"]
[Round "6"]
[White "Will, Patrick"]
[Black "Geringer, Waldemar"]
[Result "1-0"]
[WhiteElo "1886"]
[BlackElo "1949"]
[PlyCount "75"]
[EventDate "2010.??.??"]

1. d4 Nf6 2. c4 g6 3. Nf3 Bg7 4. Nc3 O-O 5. e4 d6 6. Be2 e5 7. O-O Nc6 8. d5
Ne7 9. Nd2 Nd7 10. b4 f5 11. Ba3 Nf6 12. f3 f4 13. c5 g5 14. Nc4 Ng6 15. b5 Ne8
16. b6 axb6 17. cxd6 cxd6 18. Nb5 Rf6 19. Rc1 Nh4 20. Qb3 Rh6 21. Rc2 g4 22.
fxg4 Nxg2 23. Kxg2 Qh4 24. h3 Nf6 25. Ncxd6 Bxg4 26. Bxg4 Nxg4 27. Rf3 Ne3+ 28.
Rxe3 fxe3 29. Qxe3 Rg6+ 30. Kh2 Bh6 31. Nf5 Bf4+ 32. Kh1 Qh5 33. Qd3 Be3 34.
Qf1 Rg1+ 35. Qxg1+ Bxg1 36. Rg2+ Kh8 37. Be7 Qg6 38. Kxg1 1-0

[Event "C-Turnier"]
[Site "Hessische Einzelmeisterschaft"]
[Date "2010.04.03"]
[Round "6"]
[White "Mussler, Thomas"]
[Black "Fußnecker, Manfred"]
[Result "1/2-1/2"]
[WhiteElo "2118"]
[BlackElo "1963"]
[PlyCount "66"]
[EventDate "2010.??.??"]

1. e4 e5 2. Nf3 d6 3. d4 exd4 4. Nxd4 Nf6 5. Nc3 Be7 6. Be2 O-O 7. O-O Re8 8.
f4 Bf8 9. Bf3 c5 10. Nb3 Nc6 11. Re1 a5 12. a4 Nb4 13. Nb5 d5 14. e5 Bf5 15.
Na3 d4 16. exf6 Nxc2 17. Rxe8 Qxe8 18. Bd2 Nxa1 19. Nxa1 Be4 20. Nb5 Qc6 21.
fxg7 Bxg7 22. Nb3 Bxf3 23. Qxf3 Qxf3 24. gxf3 b6 25. Nc1 Re8 26. Nd6 Re6 27.
Nc4 Kf8 28. Kg2 h5 29. f5 Rc6 30. Nd3 Bf6 31. Bf4 Ke7 32. Kh3 Ke8 33. b3 Be7
1/2-1/2

[Event "C-Turnier"]
[Site "Hessische Einzelmeisterschaft"]
[Date "2010.04.03"]
[Round "6"]
[White "Förster, Rudi"]
[Black "Wiegand, Helmut"]
[Result "0-1"]
[WhiteElo "1939"]
[BlackElo "1891"]
[PlyCount "56"]
[EventDate "2010.??.??"]

1. e4 d6 2. d4 Nd7 3. Nc3 g6 4. Be3 Bg7 5. Qd2 h6 6. O-O-O e6 7. f4 Ne7 8. Nf3
a6 9. h4 h5 10. Ng5 b5 11. f5 exf5 12. Bd3 Nf6 13. e5 Ng4 14. Nxb5 axb5 15.
Bxb5+ c6 16. exd6 Qxd6 17. Bf4 Qd5 18. Bxc6+ Nxc6 19. Rhe1+ Be6 20. a3 O-O 21.
Qe2 Nxd4 22. Qd2 Rfc8 23. Nxe6 Nb3+ 24. Kb1 Nxd2+ 25. Rxd2 Qb7 26. Nxg7 Kxg7
27. Bd6 Re8 28. Red1 Ne3 0-1

[Event "C-Turnier"]
[Site "Hessische Einzelmeisterschaft"]
[Date "2010.04.03"]
[Round "6"]
[White "Lahr, Marcus"]
[Black "Ritscher, Georg"]
[Result "1-0"]
[WhiteElo "2006"]
[BlackElo "1962"]
[PlyCount "77"]
[EventDate "2010.??.??"]

1. g3 d5 2. Bg2 c6 3. Nf3 Nf6 4. c4 Bf5 5. cxd5 cxd5 6. Qb3 Qc7 7. Nc3 e6 8. d3
Nc6 9. O-O a6 10. Bf4 Qd7 11. Ne5 Nxe5 12. Bxe5 Be7 13. e4 Bg6 14. exd5 O-O 15.
dxe6 fxe6 16. d4 Bd6 17. Rad1 Rad8 18. Bh3 Bf7 19. Rfe1 Rfe8 20. Bxf6 gxf6 21.
d5 f5 22. Qc2 Bg6 23. dxe6 Rxe6 24. Qb3 Rde8 25. Bg2 Bf7 26. Rxe6 Bxe6 27. Qxb7
Qxb7 28. Bxb7 Bb4 29. Bd5 Kf7 30. Bxe6+ Rxe6 31. Rd7+ Kg6 32. Nd5 Re1+ 33. Kg2
Bc5 34. Nf4+ Kf6 35. Nd3 Re2 36. Nxc5 Rxb2 37. a4 Rb4 38. Rd6+ Ke7 39. Rxa6 1-0

[Event "C-Turnier"]
[Site "Hessische Einzelmeisterschaft"]
[Date "2010.04.03"]
[Round "6"]
[White "Baskin, Robert"]
[Black "Günther, Andreas"]
[Result "1-0"]
[WhiteElo "1828"]
[BlackElo "1802"]
[PlyCount "69"]
[EventDate "2010.??.??"]

1. e4 c5 2. Nf3 d6 3. d4 cxd4 4. Nxd4 Nf6 5. Nc3 a6 6. a4 b6 7. Bc4 e6 8. O-O
Qc7 9. Qe2 Be7 10. f4 Nc6 11. Nf3 Bb7 12. Kh1 Nb4 13. Bd3 Nxd3 14. cxd3 d5 15.
e5 Nd7 16. Be3 Nc5 17. Rac1 Rc8 18. b4 Nd7 19. Nxd5 Qd8 20. Nxe7 Qxe7 21. Rxc8+
Bxc8 22. Rc1 O-O 23. Qd2 Qd8 24. Qc3 Bb7 25. Qc7 Bd5 26. Qxd8 Rxd8 27. Nd4 Kf8
28. Rc7 Nb8 29. Ne2 Nd7 30. Ra7 Rc8 31. Rxd7 Rc2 32. Nd4 Bxg2+ 33. Kg1 Rb2 34.
b5 Ke8 35. Rd6 1-0

[Event "C-Turnier"]
[Site "Hessische Einzelmeisterschaft"]
[Date "2010.04.03"]
[Round "6"]
[White "Gutacker, Stephan"]
[Black "Eibelshäuser, Stefan"]
[Result "1-0"]
[WhiteElo "1936"]
[BlackElo "2057"]
[PlyCount "59"]
[EventDate "2010.??.??"]

1. e4 e5 2. Nf3 Nf6 3. Nxe5 d6 4. Nf3 Nxe4 5. d3 Nf6 6. d4 d5 7. Bg5 Be7 8. Bd3
Bg4 9. Nbd2 O-O 10. O-O h6 11. Bh4 Nbd7 12. c3 Re8 13. h3 Be6 14. Ne5 c6 15. f4
Nxe5 16. dxe5 Nh7 17. Bxe7 Qxe7 18. Qc2 Nf8 19. Rae1 Qc5+ 20. Kh1 Rad8 21. Nf3
Qb6 22. f5 Bc8 23. f6 g6 24. h4 c5 25. Qc1 Kh7 26. h5 Qe6 27. Nh2 c4 28. hxg6+
Nxg6 29. Bf5 Qc6 30. Ng4 1-0

[Event "C-Turnier"]
[Site "Hessische Einzelmeisterschaft"]
[Date "2010.04.03"]
[Round "6"]
[White "Kobs, Stephan"]
[Black "Zilch, Lothar"]
[Result "1/2-1/2"]
[WhiteElo "2020"]
[BlackElo "2021"]
[PlyCount "42"]
[EventDate "2010.??.??"]

1. e4 c5 2. Nf3 a6 3. c3 d5 4. exd5 Qxd5 5. d4 cxd4 6. cxd4 e6 7. Nc3 Qd8 8.
Bd3 Nf6 9. O-O Be7 10. Re1 h6 11. a3 Nc6 12. Bb1 b5 13. Ba2 Nd5 14. Nxd5 exd5
15. Ne5 Nxe5 16. Rxe5 Be6 17. Qh5 g6 18. Qe2 Qd7 19. Bd2 Kf8 20. Re1 Bf6 21.
Re3 Kg7 1/2-1/2

[Event "C-Turnier"]
[Site "Hessische Einzelmeisterschaft"]
[Date "2010.04.03"]
[Round "6"]
[White "Tonn, Peter"]
[Black "Francke, Helmut"]
[Result "1-0"]
[WhiteElo "2000"]
[BlackElo "1987"]
[PlyCount "81"]
[EventDate "2010.??.??"]

1. d4 Nf6 2. Nf3 g6 3. c4 Bg7 4. Nc3 O-O 5. e4 d6 6. Be2 e5 7. dxe5 dxe5 8.
Qxd8 Rxd8 9. Bg5 Nbd7 10. Rd1 Rf8 11. O-O c6 12. h3 Re8 13. Rd6 h6 14. Be3 Bf8
15. Rd2 Nc5 16. Rfd1 Ncd7 17. Nh2 Kg7 18. Bg4 Nc5 19. f3 Nxg4 20. Nxg4 h5 21.
Bh6+ Kh8 22. Bxf8 Rxf8 23. Nxe5 Kg7 24. b4 Na6 25. a3 Be6 26. Rd6 Nc7 27. c5 a6
28. R1d2 Nb5 29. Nxb5 axb5 30. R2d3 Ra7 31. Nd7 Re8 32. Kf2 Rea8 33. Nb6 Re8
34. Ke3 h4 35. f4 Kf6 36. Nd5+ Kg7 37. Nc7 Kf8 38. Nxe8 Kxe8 39. Rd8+ Ke7 40.
Rh8 Kf6 41. Rxh4 1-0

[Event "C-Turnier"]
[Site "Hessische Einzelmeisterschaft"]
[Date "2010.04.03"]
[Round "6"]
[White "Juhnke, Peter"]
[Black "Rump, Andreas"]
[Result "1-0"]
[WhiteElo "1931"]
[BlackElo "1866"]
[PlyCount "55"]
[EventDate "2010.??.??"]

1. e4 d6 2. Nc3 Nf6 3. d4 g6 4. Bg5 Bg7 5. h3 c6 6. Nf3 O-O 7. Be2 h6 8. Be3
Qc7 9. g4 e5 10. Qd2 g5 11. O-O-O b5 12. Bd3 Bb7 13. h4 Nxg4 14. hxg5 h5 15.
Rxh5 Nxe3 16. fxe3 Bc8 17. Rh4 b4 18. Na4 c5 19. Qh2 Re8 20. Rh1 Kf8 21. Rh7
Nd7 22. Rxg7 Ke7 23. g6 Rf8 24. Qh4+ Nf6 25. Rxf7+ Rxf7 26. gxf7 c4 27. f8=Q+
Kxf8 28. Qxf6+ 1-0

[Event "C-Turnier"]
[Site "Hessische Einzelmeisterschaft"]
[Date "2010.04.03"]
[Round "6"]
[White "Rack, Matthias"]
[Black "Risius, Philipp"]
[Result "1/2-1/2"]
[WhiteElo "2056"]
[BlackElo "1777"]
[PlyCount "99"]
[EventDate "2010.??.??"]

1. d4 d5 2. Nf3 Bf5 3. c4 e6 4. Nc3 c6 5. e3 Nf6 6. Qb3 Qc7 7. Bd2 Nbd7 8. cxd5
exd5 9. Rc1 Qb6 10. Qxb6 Nxb6 11. h3 h6 12. Be2 Bd6 13. O-O O-O 14. b3 Ba3 15.
Rcd1 Bc2 16. Rde1 a5 17. Bd1 Bd3 18. Be2 Bc2 19. Bd1 Bd3 20. Be2 Bxe2 21. Rxe2
a4 22. Rb1 axb3 23. Rxb3 Ra6 24. Ne5 Bd6 25. Nd3 Nfd7 26. Nb4 Ra7 27. e4 Bxb4
28. Rxb4 dxe4 29. Rxe4 Nd5 30. Nxd5 cxd5 31. Re7 Rxa2 32. Bf4 Nb8 33. Rbxb7 Nc6
34. Red7 Nd8 35. Rb5 Ne6 36. Bd6 Nxd4 37. Rbb7 Re8 38. Rxf7 Ne6 39. Be5 d4 40.
Rfd7 d3 41. Rxd3 Rf8 42. f4 Rf7 43. Rxf7 Kxf7 44. Rd7+ Ke8 45. Rb7 g5 46. g3
gxf4 47. gxf4 Ra4 48. f5 Ng5 49. Kg2 Ra5 50. Bg7 1/2-1/2

[Event "C-Turnier"]
[Site "Hessische Einzelmeisterschaft"]
[Date "2010.04.03"]
[Round "6"]
[White "Egenolf, Dirk"]
[Black "Genis, Roy"]
[Result "1/2-1/2"]
[WhiteElo "1911"]
[BlackElo "1947"]
[PlyCount "39"]
[EventDate "2010.??.??"]

1. Nf3 d5 2. g3 c5 3. Bg2 Nc6 4. O-O e5 5. d3 Nf6 6. Nbd2 Bd6 7. e4 d4 8. Nc4
Bc7 9. a4 Be6 10. b3 h6 11. h3 Qd7 12. Kh2 Nh7 13. Nfxe5 Bxe5 14. Nxe5 Nxe5 15.
f4 Ng5 16. f5 Bxb3 17. cxb3 f6 18. h4 Ngf7 19. Bf4 b6 20. Bf3 1/2-1/2

[Event "C-Turnier"]
[Site "Hessische Einzelmeisterschaft"]
[Date "2010.04.03"]
[Round "6"]
[White "Storkebaum, Ulrike"]
[Black "Machlin, Maxim"]
[Result "0-1"]
[WhiteElo "1867"]
[BlackElo "1933"]
[PlyCount "88"]
[EventDate "2010.??.??"]

1. e4 Nf6 2. e5 Nd5 3. c4 Nb6 4. d4 d6 5. exd6 cxd6 6. Nc3 g6 7. Be3 Bg7 8. Rc1
O-O 9. b3 Nc6 10. Nf3 Bg4 11. Be2 e5 12. d5 Ne7 13. h3 Bxf3 14. Bxf3 Nf5 15.
Qd2 Nxe3 16. Qxe3 e4 17. Be2 f5 18. O-O Qh4 19. Rc2 Rae8 20. Qg3 Qf6 21. h4 a6
22. h5 f4 23. Qh3 f3 24. gxf3 exf3 25. Bd3 Qg5+ 26. Kh1 Rf4 27. Rg1 Re1 28.
Rxe1 Rh4 29. Bf1 Qxh5 30. Qxh4 Qxh4+ 31. Kg1 Qg5+ 32. Kh1 Qh5+ 33. Kg1 Be5 34.
Rxe5 Qxe5 35. Nd1 Nd7 36. Ne3 Nf6 37. Bh3 h5 38. Be6+ Kg7 39. c5 Ng4 40. Nxg4
hxg4 41. cxd6 Qh5 42. Rc7+ Kh6 43. Rc8 Qe5 44. d7 Qe1+ 0-1

[Event "C-Turnier"]
[Site "Hessische Einzelmeisterschaft"]
[Date "2010.04.03"]
[Round "6"]
[White "Arnold, Michael"]
[Black "Engelbert, Thomas"]
[Result "0-1"]
[WhiteElo "1846"]
[BlackElo "1762"]
[PlyCount "118"]
[EventDate "2010.??.??"]

1. e4 d5 2. exd5 Qxd5 3. d4 Nf6 4. Nc3 Qd6 5. Nf3 Bg4 6. Be2 a6 7. O-O Nc6 8.
Be3 O-O-O 9. Qd2 Bxf3 10. Bxf3 Nxd4 11. Bxd4 Qxd4 12. Qg5 h6 13. Qa5 Qb6 14.
Qxb6 cxb6 15. a4 e6 16. Rfd1 Bb4 17. Ne4 Nd5 18. Rd3 g5 19. Rad1 g4 20. Bxg4 f5
21. c3 Be7 22. Rxd5 exd5 23. Bxf5+ Kc7 24. Ng3 Rhf8 25. Bg4 Rf4 26. Bf3 Rxa4
27. Nf5 Bf8 28. g3 Ra2 29. Rd2 b5 30. Nd4 Rd6 31. Kg2 Kb6 32. Nf5 Rd8 33. Ne3
Ba3 34. Rxd5 Be7 35. Rh5 Bg5 36. Nd5+ Ka7 37. h4 Bd2 38. b4 Be1 39. Rf5 Bxf2
40. Kh3 Rg8 41. g4 Rg7 42. Rf6 Be1 43. Rxh6 Ra3 44. Rf6 Bxc3 45. Nxc3 Rxc3 46.
h5 Rc4 47. h6 Rh7 48. Kh4 Rxb4 49. Kh5 a5 50. g5 a4 51. g6 Rxh6+ 52. Kxh6 a3
53. g7 a2 54. g8=Q a1=Q 55. Qd5 Qxf6+ 56. Kh7 Rh4+ 57. Bh5 Qe7+ 58. Kh6 Qe3+
59. Kh7 Qe4+ 0-1

[Event "C-Turnier"]
[Site "Hessische Einzelmeisterschaft"]
[Date "2010.04.03"]
[Round "6"]
[White "Rausch, Wolfgang"]
[Black "Faqiry, Ramat"]
[Result "0-1"]
[WhiteElo "1804"]
[BlackElo "1977"]
[PlyCount "64"]
[EventDate "2010.??.??"]

1. c4 Nf6 2. Nc3 e5 3. Nf3 Nc6 4. d4 exd4 5. Nxd4 Ne5 6. e4 Bb4 7. f3 O-O 8.
Be3 c6 9. Rc1 d5 10. cxd5 cxd5 11. exd5 Nxd5 12. Qd2 Re8 13. Be2 Nc4 14. Bxc4
Nxe3 15. Be2 Nxg2+ 16. Kf2 Bh3 17. Bb5 Qh4+ 18. Kg1 Red8 19. Rd1 Rxd4 20. Qxd4
Qxd4+ 21. Rxd4 Bc5 22. Kf2 Bxd4+ 23. Kg3 Be6 24. Kxg2 Bxc3 25. bxc3 Bxa2 26.
Rd1 Be6 27. Kf2 a6 28. Be2 g6 29. Ra1 Rc8 30. Ra3 Bc4 31. Bd1 Rd8 32. Ke1 Rd3
0-1

[Event "C-Turnier"]
[Site "Hessische Einzelmeisterschaft"]
[Date "2010.04.03"]
[Round "6"]
[White "Larem, Peter"]
[Black "Rätsch, Kurt"]
[Result "1-0"]
[WhiteElo "1921"]
[BlackElo "2069"]
[PlyCount "60"]
[EventDate "2010.??.??"]

1. e4 c5 2. c3 e5 3. d4 cxd4 4. cxd4 Bb4+ 5. Nc3 Bxc3+ 6. bxc3 d6 7. dxe5 dxe5
8. Qxd8+ Kxd8 9. Ba3 Be6 10. Nf3 f6 11. Bf8 h6 12. Bb5 Bd7 13. O-O-O Ke8 14.
Bxd7+ Nxd7 15. Bd6 Nb6 16. Rd3 Ne7 17. Nh4 Nc6 18. Rhd1 Kf7 19. Bc7 Rhc8 20.
Bxb6 axb6 21. Rd7+ Kg8 22. Nf5 Rd8 23. Rxg7+ Kf8 24. Rxd8+ Nxd8 25. Rd7 Nc6 26.
Rxb7 Rxa2 27. Rxb6 Nd8 28. Rxf6+ Nf7 29. Nxh6 Kg7 30. Rxf7+ Kxh6 1-0

[Event "C-Turnier"]
[Site "Hessische Einzelmeisterschaft"]
[Date "2010.04.03"]
[Round "6"]
[White "Adair, Robin"]
[Black "Haftmann, Rainer"]
[Result "1/2-1/2"]
[WhiteElo "2038"]
[BlackElo "1881"]
[PlyCount "211"]
[EventDate "2010.??.??"]

1. c4 Nf6 2. Nc3 e6 3. g3 d5 4. d4 c6 5. cxd5 exd5 6. Bg2 Bf5 7. Nf3 Bd6 8. Bg5
Nbd7 9. O-O h6 10. Bxf6 Nxf6 11. Nd2 O-O 12. e4 dxe4 13. Ndxe4 Nxe4 14. Nxe4
Bxe4 15. Bxe4 Re8 16. Bc2 Qb6 17. Qd3 g6 18. Bb3 Kg7 19. h4 h5 20. Rfe1 Qa5 21.
Re2 Rxe2 22. Qxe2 Qf5 23. Kg2 Qf6 24. Rd1 Rd8 25. Rd3 Qe7 26. Re3 Qc7 27. Rf3
Rd7 28. Qc4 b5 29. Qc3 a5 30. a4 Bb4 31. Qc1 Qd6 32. axb5 cxb5 33. d5 Rc7 34.
Qe3 Re7 35. Qd4+ f6 36. Qd3 Qb6 37. d6 Qxd6 38. Qxb5 Qd2 39. Qb8 Qxb2 40. Qg8+
Kh6 41. Bf7 Rxf7 42. Qxf7 f5 43. Qc7 Qg7 44. Qf4+ Kh7 45. Rd3 Qb7+ 46. Kh2 Qe7
47. Qf3 Qa7 48. Kg2 Qc7 49. Re3 Qd7 50. Qa8 f4 51. Re8 Bc3 52. Rb8 Bg7 53. Qxa5
Qc6+ 54. Kh2 fxg3+ 55. fxg3 Qc2+ 56. Kh3 Qd1 57. Qa8 Qg4+ 58. Kh2 Qe2+ 59. Qg2
Qg4 60. Qa2 Qd4 61. Re8 Qd7 62. Qe2 Qd4 63. Re6 Qc3 64. Qe4 Bf6 65. Rc6 Qd2+
66. Kh3 Qf2 67. Rc2 Qf1+ 68. Kh2 Qa1 69. Rf2 Bg7 70. Kg2 Qc3 71. g4 hxg4 72.
Qxg4 Qc6+ 73. Qf3 Qc4 74. h5 gxh5 75. Qxh5+ Kg8 76. Re2 Qc6+ 77. Qf3 Qxf3+ 78.
Kxf3 Kf7 79. Kg4 Ba1 80. Ra2 Bc3 81. Ra6 Bf6 82. Kf5 Be7 83. Ra7 Kf8 84. Ke6
Bb4 85. Rf7+ Kg8 86. Rf4 Bd2 87. Rg4+ Kf8 88. Rg2 Bc3 89. Rf2+ Kg8 90. Kf5 Kg7
91. Rg2+ Kf7 92. Rc2 Ba1 93. Rc1 Bf6 94. Rc6 Bb2 95. Ra6 Ke7 96. Ra2 Bc3 97.
Rc2 Ba1 98. Re2+ Kd6 99. Ke4 Bg7 100. Rc2 Ba1 101. Rd2+ Kc5 102. Rd7 Bc3 103.
Rd5+ Kc6 104. Rh5 Ba1 105. Rh1 Bb2 106. Kd3 1/2-1/2

[Event "C-Turnier"]
[Site "Hessische Einzelmeisterschaft"]
[Date "2010.04.03"]
[Round "6"]
[White "Zimmer, Gerald"]
[Black "Enders, Georg"]
[Result "0-1"]
[WhiteElo "1796"]
[BlackElo "2011"]
[PlyCount "72"]
[EventDate "2010.??.??"]

1. d4 Nf6 2. c4 g6 3. Nc3 d5 4. cxd5 Nxd5 5. e4 Nxc3 6. bxc3 Bg7 7. Bc4 c5 8.
Ne2 O-O 9. O-O Nc6 10. Be3 Na5 11. Bb3 c4 12. Bc2 e6 13. Qc1 b6 14. Bh6 Bb7 15.
Bxg7 Kxg7 16. e5 f6 17. exf6+ Qxf6 18. Qe3 Rae8 19. f4 Bd5 20. Ng3 h6 21. Ne4
Qe7 22. Qg3 Rd8 23. Rae1 Qf7 24. h4 Kh8 25. Qe3 Nb7 26. g4 Qg7 27. Kh2 Nd6 28.
Nxd6 Rxd6 29. Qe5 Rdd8 30. Bxg6 Rf6 31. h5 Rdf8 32. Kg1 Kg8 33. g5 Rxg6 34.
hxg6 Qxg6 35. Rf2 Qh5 36. Kf1 Qh3+ 0-1

[Event "C-Turnier"]
[Site "Hessische Einzelmeisterschaft"]
[Date "2010.04.03"]
[Round "6"]
[White "Winter, Lars"]
[Black "Sterzik, Peter"]
[Result "1-0"]
[WhiteElo "1974"]
[BlackElo "1742"]
[PlyCount "77"]
[EventDate "2010.??.??"]

1. e4 e5 2. Nf3 Nc6 3. Bb5 a6 4. Bxc6 dxc6 5. O-O Bg4 6. h3 h5 7. d3 Bxf3 8.
Qxf3 Qd7 9. Be3 O-O-O 10. Nd2 f6 11. Rfb1 g5 12. b4 g4 13. hxg4 Qxg4 14. Qxg4+
hxg4 15. Nf1 Bh6 16. a4 Bxe3 17. Nxe3 Nh6 18. b5 cxb5 19. axb5 axb5 20. Ra8+
Kd7 21. Rxd8+ Rxd8 22. Rxb5 Rb8 23. Kh2 c6 24. Rb1 Kc7 25. Kg3 Rg8 26. Rh1 Rg6
27. Rh5 Kd7 28. Nf5 Nxf5+ 29. exf5 Rg7 30. Rh6 Ke7 31. Rg6 Rxg6 32. fxg6 f5 33.
Kh4 Kf6 34. Kh5 Kg7 35. Kg5 e4 36. dxe4 g3 37. f3 fxe4 38. fxe4 b5 39. e5 1-0

[Event "C-Turnier"]
[Site "Hessische Einzelmeisterschaft"]
[Date "2010.04.03"]
[Round "6"]
[White "Fröhlich-Dill, Astrid"]
[Black "Warnk, Torsten"]
[Result "1-0"]
[WhiteElo "1910"]
[BlackElo "1977"]
[PlyCount "107"]
[EventDate "2010.??.??"]

1. d4 d5 2. Nf3 Nf6 3. g3 g6 4. Bg2 Bg7 5. O-O O-O 6. Nbd2 Nbd7 7. b3 b6 8. c4
c5 9. e3 Bb7 10. Ba3 Re8 11. Rc1 Rc8 12. Qe2 e6 13. Ne5 Ne4 14. Nxd7 Nxd2 15.
Nxc5 bxc5 16. Qxd2 cxd4 17. exd4 Ba6 18. c5 Bxf1 19. Kxf1 Qf6 20. Bb2 h5 21. h4
Rc6 22. Qg5 Qxg5 23. hxg5 Bf8 24. b4 Rb8 25. Bc3 Be7 26. f4 Ra6 27. Rc2 Bd8 28.
Kf2 Ra3 29. Bf1 Rxc3 30. Rxc3 Rxb4 31. Rb3 Ba5 32. Ra3 Rb2+ 33. Be2 Bd2 34.
Rxa7 h4 35. gxh4 Bxf4 36. c6 Rc2 37. Kf3 Bd6 38. Bb5 e5 39. dxe5 Bxe5 40. a4
Rc3+ 41. Ke2 Rc2+ 42. Kd3 Rc3+ 43. Kd2 d4 44. Rd7 Bf4+ 45. Ke2 Re3+ 46. Kf2 Rc3
47. Ke2 Re3+ 48. Kd1 d3 49. Bxd3 Rh3 50. Bc4 Rxh4 51. Rxf7 Bxg5 52. Rf4+ Kg7
53. Rxh4 Bxh4 54. c7 1-0

[Event "C-Turnier"]
[Site "Hessische Einzelmeisterschaft"]
[Date "2010.04.03"]
[Round "6"]
[White "Herms, Thorsten"]
[Black "Kaulfuss, Christa"]
[Result "1/2-1/2"]
[WhiteElo "1746"]
[BlackElo "1933"]
[PlyCount "64"]
[EventDate "2010.??.??"]

1. d4 Nc6 2. Nf3 d6 3. e4 Nf6 4. Nbd2 a6 5. c3 e5 6. a3 Be7 7. d5 Nb8 8. c4
Nbd7 9. b4 O-O 10. Be2 a5 11. bxa5 Rxa5 12. Nb3 Ra8 13. Qc2 b6 14. O-O Re8 15.
Bb2 Nf8 16. a4 Ng6 17. Nfd2 Nf4 18. Bf3 Nd7 19. a5 Nc5 20. axb6 Rxa1 21. Rxa1
cxb6 22. Nxc5 bxc5 23. Ra8 Qb6 24. Bc3 Bd7 25. Ba5 Qb7 26. Rxe8+ Bxe8 27. Qb1
Qa6 28. Qb6 Qxb6 29. Bxb6 Ba4 30. Bg4 h5 31. Bc8 Ne2+ 32. Kf1 Nd4 1/2-1/2

[Event "C-Turnier"]
[Site "Hessische Einzelmeisterschaft"]
[Date "2010.04.03"]
[Round "6"]
[White "Wilhelm, Holger"]
[Black "Berrou, Mohammed"]
[Result "1-0"]
[WhiteElo "1857"]
[BlackElo "2016"]
[PlyCount "68"]
[EventDate "2010.??.??"]

1. d4 Nf6 2. c4 g6 3. Nc3 d5 4. Nf3 Bg7 5. Bg5 Ne4 6. Bf4 Nxc3 7. bxc3 c5 8.
cxd5 Qxd5 9. e3 Nc6 10. Qb3 Qxb3 11. axb3 cxd4 12. exd4 O-O 13. Bb5 Be6 14.
Bxc6 bxc6 15. O-O Bxb3 16. Rfb1 Bd5 17. Rb7 a5 18. Rxe7 Bxf3 19. gxf3 c5 20.
Bc7 cxd4 21. cxd4 a4 22. Ra2 Ra7 23. d5 Bf6 24. Rd7 Rc8 25. Rd6 Be5 26. Rd8+
Rxd8 27. Bxd8 a3 28. Bb6 Ra6 29. Bc5 Ra5 30. Be7 Bb2 31. d6 Ra7 32. Bd8 f5 33.
Bc7 Kf7 34. d7 Bf6 1-0

[Event "C-Turnier"]
[Site "Hessische Einzelmeisterschaft"]
[Date "2010.04.03"]
[Round "6"]
[White "Wachtel, Johann"]
[Black "Kazic, Bruno"]
[Result "1/2-1/2"]
[WhiteElo "1738"]
[BlackElo "1749"]
[PlyCount "120"]
[EventDate "2010.??.??"]

1. e4 e5 2. f4 exf4 3. Nf3 d6 4. Bc4 Bg4 5. d4 Nf6 6. Qd3 d5 7. Bxd5 Nxd5 8.
exd5 Qxd5 9. Bxf4 Bd6 10. Bxd6 cxd6 11. O-O O-O 12. c4 Qa5 13. Nc3 Nd7 14. Nd5
Rae8 15. b4 Qd8 16. h3 Be6 17. Nf4 Nb6 18. d5 Qf6 19. Nd4 Bc8 20. Nfe6 Qg6 21.
Qxg6 hxg6 22. Nxf8 Kxf8 23. Rac1 Re4 24. Rfd1 a6 25. Kf2 f5 26. Kf3 Kf7 27. Rd3
Bd7 28. g4 Kf6 29. Rd2 Ke5 30. Ne6 Nxc4 31. Re2 fxg4+ 32. hxg4 Rxe2 33. Kxe2
Kxd5 34. Nf4+ Kd4 35. Kf3 Ne5+ 36. Kg3 Nxg4 37. Rc7 Ne5 38. Rxb7 Bb5 39. Rxg7
Kc4 40. Nxg6 Nxg6 41. Rxg6 d5 42. Rg4+ Kc3 43. Kf2 Kb2 44. Rd4 Bc4 45. a4 Kc3
46. Ke3 Kxb4 47. Kd2 Kb3 48. a5 Kb2 49. Rh4 Ka3 50. Kc3 Ka4 51. Rh1 Kxa5 52.
Rb1 Ka4 53. Rb4+ Ka3 54. Rb1 a5 55. Ra1+ Ba2 56. Rd1 a4 57. Ra1 d4+ 58. Kxd4
Kb2 59. Rg1 Bb3 60. Kd3 Bc2+ 1/2-1/2

[Event "C-Turnier"]
[Site "Hessische Einzelmeisterschaft"]
[Date "2010.04.03"]
[Round "6"]
[White "Koculak, Eduard"]
[Black "Minor, Dieter"]
[Result "0-1"]
[WhiteElo "1727"]
[BlackElo "1888"]
[PlyCount "78"]
[EventDate "2010.??.??"]

1. d4 e6 2. c4 d5 3. Nc3 Nf6 4. Nf3 Be7 5. Bf4 O-O 6. h3 b6 7. cxd5 exd5 8. e3
Ne4 9. Bd3 Bb7 10. O-O Nd7 11. Qc2 f5 12. Rac1 c5 13. b3 Rc8 14. Qe2 cxd4 15.
Nb1 dxe3 16. fxe3 Ndc5 17. Nd4 Nxd3 18. Qxd3 Qd7 19. Nd2 Nc5 20. Qb1 Ba6 21.
Rfd1 Bd3 22. Qb2 Be4 23. Nxe4 dxe4 24. Qe2 Nd3 25. Rxc8 Rxc8 26. Rf1 Bf6 27.
Nc2 Qc6 28. Nd4 Qd5 29. Nc2 Rc3 30. g4 Qc5 31. Ne1 Nxf4 32. Rxf4 Rxe3 33. Qf2
Rxe1+ 34. Kg2 Qxf2+ 35. Kxf2 Bh4+ 36. Kg2 Re2+ 37. Kf1 Rf2+ 38. Rxf2 Bxf2 39.
Kxf2 f4 0-1